[Event "Florianopolis op 10th"]
[Site "Florianopolis"]
[Date "2024.01.24"]
[Round "6"]
[White "Filimberti Uczai, Joao Pedro"]
[Black "De Siqueira, Luigy Lira"]
[Result "0-1"]
[WhiteElo "2122"]
[BlackElo "2230"]
[PlyCount "94"]
[EventDate "2024.01.20"]
[EventType "swiss"]
[EventRounds "10"]
[EventCountry "BRA"]
[SourceTitle "CB05_2024"]
[SourceDate "2024.01.31"]
[SourceVersion "1"]
[SourceVersionDate "2024.01.31"]
[SourceQuality "1"]

1. e4 e5 2. Nf3 Nc6 3. Bb5 a6 4. Ba4 Nf6 5. 0-0 Be7 6. Re1 b5 7. Bb3 d6 8. c3 Na5 9. Bc2 c5 10. d3 0-0 11. Nbd2 Nc6 12. Nf1 Be6 13. Ng3 h6 14. d4 cxd4 15. cxd4 Nxd4 16. Nxd4 exd4 17. Qxd4 Qc7 18. Bb3 Nd7 19. Bf4 Qb6 20. Qd1 Rac8 21. Nf5 Bxf5 22. exf5 Ne5 23. Bxe5 dxe5 24. Rxe5 Bf6 25. Rd5 Bxb2 26. Rb1 Ba3 27. h3 Bc5 28. Qf3 Rfd8 29. Rbd1 Rxd5 30. Rxd5 Re8 31. Rd1 a5 32. Rc1 Bd4 33. Rd1 Qc5 34. f6 a4 35. Bd5 Rd8 36. Be4 Bxf2+ 37. Kh1 Rxd1+ 38. Qxd1 gxf6 39. Qg4+ Kf8 40. Qf4 Be3 41. Qb8+ Ke7 42. Qb7+ Kd6 43. Qb8+ Qc7 44. Qf8+ Ke5 45. Bf3 Qc1+ 46. Kh2 Bg1+ 47. Kg3 Qf4# 0-1

[Event "Catarinense-ch"]
[Site "Itajai"]
[Date "2023.11.24"]
[Round "2"]
[White "Cordioli, Jairo Ribeiro"]
[Black "Filimberti Uczai, Joao Pedro"]
[Result "0-1"]
[WhiteElo "1738"]
[BlackElo "2107"]
[PlyCount "75"]
[EventDate "2023.11.24"]
[EventType "swiss"]
[EventRounds "6"]
[EventCountry "BRA"]
[SourceTitle "CB50_2023"]
[SourceDate "2023.12.13"]
[SourceVersion "1"]
[SourceVersionDate "2023.12.13"]
[SourceQuality "1"]

1. d4 e6 2. c4 f5 3. g3 Nf6 4. Bg2 d5 5. Nc3 c6 6. Nf3 Bd6 7. 0-0 0-0 8. Qc2 Ne4 9. Nd2 Nd7 10. f3 Nxc3 11. bxc3 f4 12. g4 b6 13. cxd5 exd5 14. c4 Qe7 15. Qd3 Ba6 16. a4 dxc4 17. Qe4 Nf6 18. Qxe7 Bxe7 19. Ne4 Nd5 20. Ba3 Bxa3 21. Rxa3 Rad8 22. a5 b5 23. Nc5 Bc8 24. e4 fxe3 25. f4 e2 26. Re1 Nxf4 27. Bxc6 b4 28. Rf3 Bxg4 29. Rxf4 Rxf4 30. h3 Rdf8 31. Bg2 Bc8 32. Rxe2 Rxd4 33. Re4 Rxe4 34. Bxe4 Rf4 35. Bg2 b3 36. Bd5+ Kf8 37. Nxb3 cxb3 38. Bxb3 0-1

[Event "Timbo op 3rd"]
[Site "Timbo"]
[Date "2023.11.04"]
[Round "3"]
[White "Filimberti Uczai, Joao Pedro"]
[Black "Moyses Sobrinho, Elias"]
[Result "1-0"]
[WhiteElo "2107"]
[BlackElo "1832"]
[PlyCount "69"]
[EventDate "2023.11.03"]
[EventType "swiss"]
[EventRounds "6"]
[EventCountry "BRA"]
[SourceTitle "CB49_2023"]
[SourceDate "2023.12.06"]
[SourceVersion "1"]
[SourceVersionDate "2023.12.06"]
[SourceQuality "1"]

1. e4 d5 2. exd5 Nf6 3. Bb5+ Bd7 4. Bc4 b5 5. Bb3 Bc8 6. Qe2 a6 7. Nf3 Nxd5 8. Nc3 Bb7 9. Ng5 c6 10. Qh5 g6 11. Qf3 f5 12. Ne6 Qd6 13. Nxf8 Kxf8 14. d4 e6 15. Nxd5 cxd5 16. Bf4 Qd7 17. h4 h5 18. Rh3 Nc6 19. Qe3 Kf7 20. Kf1 a5 21. a4 b4 22. Kg1 Ba6 23. Rd1 Bc4 24. Rg3 Bxb3 25. cxb3 Rac8 26. Rc1 Qa7 27. Rxc6 Rxc6 28. Be5 Rg8 29. Qh6 Ke8 30. Rxg6 Qf7 31. Rf6 Qe7 32. Qxh5+ Kd8 33. Rf7 Qe8 34. Qh7 Ra6 35. Rb7 1-0

[Event "Florianopolis op-A"]
[Site "Florianopolis"]
[Date "2023.09.24"]
[Round "5"]
[White "Bueno, Alfeu Varela Jr"]
[Black "Filimberti Uczai, Joao Pedro"]
[Result "1-0"]
[WhiteElo "2135"]
[BlackElo "2120"]
[PlyCount "89"]
[EventDate "2023.09.22"]
[EventType "swiss"]
[EventRounds "6"]
[EventCountry "BRA"]
[SourceTitle "EXT 2024"]
[Source "ChessBase"]
[SourceDate "2023.10.10"]
[SourceVersion "1"]
[SourceVersionDate "2023.10.10"]
[SourceQuality "1"]

1. e4 e6 2. d4 d5 3. Nd2 Nf6 4. Bd3 c5 5. e5 Nfd7 6. c3 Nc6 7. Ne2 cxd4 8. cxd4 f6 9. exf6 Nxf6 10. Nf3 Bd6 11. 0-0 Qc7 12. Bg5 0-0 13. Bh4 Nh5 14. Qc2 h6 15. Bh7+ Kh8 16. Bg6 Rxf3 17. Bxh5 Rf8 18. f4 Bd7 19. Qd2 Rac8 20. Kh1 a6 21. Rac1 Qa5 22. Nc3 Qb6 23. Ne2 Qa5 24. Nc3 Qb4 25. Rcd1 Ne7 26. Bxe7 Bxe7 27. Bg6 Be8 28. Bb1 Bf7 29. Qc2 Bg8 30. Rf3 Qd6 31. Rdf1 b5 32. Qd3 Rf7 33. g4 Rcf8 34. Ne2 Qd8 35. Rh3 Bg5 36. Qg6 Qf6 37. Rff3 Qxg6 38. Bxg6 Rf6 39. f5 exf5 40. Rxf5 Rc8 41. Rxg5 Be6 42. Bf5 Kg8 43. Bxe6+ Rxe6 44. Re5 Rf6 45. Ree3 1-0

[Event "Caioba op 7th"]
[Site "Caioba"]
[Date "2023.06.19"]
[Round "3"]
[White "Filimberti Uczai, Joao Pedro"]
[Black "Kaneda, Eric Kazuichi"]
[Result "1/2-1/2"]
[WhiteElo "2136"]
[BlackElo "1802"]
[PlyCount "61"]
[EventDate "2023.06.18"]
[EventType "swiss"]
[EventRounds "9"]
[EventCountry "BRA"]
[SourceTitle "CBM 214 Extra"]
[Source "ChessBase"]
[SourceDate "2023.07.31"]
[SourceVersion "1"]
[SourceVersionDate "2023.07.31"]
[SourceQuality "1"]

1. e4 c5 2. b3 Nc6 3. Bb2 e5 4. Nf3 d6 5. Bc4 g6 6. Nc3 Bg7 7. Nd5 Nge7 8. Ne3 Rb8 9. Qe2 a6 10. a4 Nd4 11. Nxd4 exd4 12. Nd5 Nc6 13. c3 0-0 14. 0-0 Kh8 15. Bd3 f5 16. exf5 Bxf5 17. f4 Qh4 18. Bxf5 Rxf5 19. g3 Qd8 20. Qg2 Qg8 21. c4 a5 22. Rae1 Re8 23. Nc7 Rxe1 24. Rxe1 Bf8 25. Nd5 g5 26. Qe4 Rf7 27. fxg5 Qxg5 28. d3 Ne5 29. Bc1 Qg6 30. Qxg6 hxg6 31. Rd1 1/2-1/2

[Event "Florianopolis op 8th"]
[Site "Florianopolis"]
[Date "2022.01.29"]
[Round "9"]
[White "Caetano, Ryan Wesley da Cost"]
[Black "Filimberti Uczai, Joao Pedro"]
[Result "1/2-1/2"]
[WhiteElo "2217"]
[BlackElo "2083"]
[PlyCount "62"]
[EventDate "2022.01.24"]
[EventType "swiss"]
[EventRounds "10"]
[EventCountry "BRA"]
[SourceTitle "EXT 2023"]
[Source "ChessBase"]
[SourceDate "2022.10.05"]
[SourceVersion "1"]
[SourceVersionDate "2022.10.05"]
[SourceQuality "1"]

1. d4 d5 2. c4 e6 3. Nc3 Nf6 4. Nf3 Be7 5. e3 0-0 6. Bd3 b6 7. 0-0 Bb7 8. cxd5 exd5 9. Ne5 Nbd7 10. f4 Ne4 11. Qc2 Ndf6 12. Bd2 c5 13. Be1 Rc8 14. Qd1 a6 15. Ne2 c4 16. Bc2 b5 17. Ng3 Nxg3 18. hxg3 a5 19. Kf2 b4 20. Rh1 Qd6 21. Bf5 Ra8 22. g4 Bc8 23. Bc2 Ne4+ 24. Bxe4 dxe4 25. g5 f6 26. Nxc4 Qe6 27. d5 Qg4 28. Qxg4 Bxg4 29. gxf6 Bxf6 30. a3 Rfc8 31. Ne5 Bxe5 1/2-1/2

[Event "BRA-ch 87th"]
[Site "Cuiaba"]
[Date "2021.11.03"]
[Round "10"]
[White "Filimberti Uczai, Joao Pedro"]
[Black "Arruda Filho, Ivo Pereira de"]
[Result "1-0"]
[WhiteElo "2058"]
[BlackElo "1718"]
[PlyCount "47"]
[EventDate "2021.10.28"]
[EventType "swiss"]
[EventRounds "11"]
[EventCountry "BRA"]
[SourceTitle "CBM 205 Extra"]
[Source "ChessBase"]
[SourceDate "2022.01.31"]
[SourceVersion "1"]
[SourceVersionDate "2022.01.31"]
[SourceQuality "1"]

1. e4 c5 2. b3 Nf6 3. e5 Nd5 4. Bb2 e6 5. Nf3 Nc6 6. g3 Be7 7. Bg2 b6 8. c4 Ndb4 9. d4 cxd4 10. a3 Na6 11. b4 Nc7 12. Nxd4 Bb7 13. 0-0 Qc8 14. Nc2 0-0 15. Nd2 Nb8 16. Ne4 Nc6 17. Ne3 Ne8 18. Ng4 f5 19. exf6 Nxf6 20. Ngxf6+ Bxf6 21. Bxf6 gxf6 22. Nd6 Qc7 23. Nxb7 d5 24. cxd5 1-0

[Event "Florianopolis op 09"]
[Site "Florianopolis"]
[Date "2021.09.25"]
[Round "2"]
[White "Filimberti Uczai, Joao Pedro"]
[Black "Nunes, Agatha Hurba"]
[Result "1/2-1/2"]
[WhiteElo "2081"]
[BlackElo "1782"]
[PlyCount "107"]
[EventDate "2021.09.24"]
[EventType "swiss"]
[EventRounds "6"]
[EventCountry "BRA"]
[SourceTitle "EXT 2023"]
[Source "ChessBase"]
[SourceDate "2022.10.05"]
[SourceVersion "1"]
[SourceVersionDate "2022.10.05"]
[SourceQuality "1"]

1. e4 e6 2. d4 d5 3. Nc3 Nf6 4. Bg5 dxe4 5. Nxe4 Nbd7 6. Nf3 Be7 7. Ng3 0-0 8. Be2 c5 9. dxc5 Nxc5 10. Qxd8 Rxd8 11. 0-0 b6 12. Rfd1 Bb7 13. Nh5 Nce4 14. Nxf6+ Nxf6 15. Ne5 h6 16. Bf4 Bc5 17. Rxd8+ Rxd8 18. Rd1 Rxd1+ 19. Bxd1 Ne4 20. Nd3 Bd6 21. Be3 Bd5 22. a3 e5 23. f3 Nf6 24. Nb4 Bb7 25. Be2 Nd5 26. Nxd5 Bxd5 27. c4 Bc6 28. Bd3 Kf8 29. b4 Ke7 30. Kf2 Ke6 31. g4 e4 32. Bxe4 Bxe4 33. fxe4 Bxh2 34. c5 bxc5 35. Bxc5 a6 36. Bf8 Be5 37. Ke3 Bb2 38. a4 g6 39. b5 axb5 40. axb5 h5 41. gxh5 gxh5 42. Kf4 Bc1+ 43. Kg3 Bg5 44. Bc5 f5 45. b6 Bf6 46. Be3 h4+ 47. Kf3 fxe4+ 48. Kxe4 Bd8 49. b7 Bc7 50. Bf4 Kd7 51. Kf3 Bxf4 52. Kxf4 Kc7 53. Kg4 Kxb7 54. Kxh4 1/2-1/2

[Event "Santa Catarina State-ch 65th"]
[Site "Rio Negrinho"]
[Date "2021.07.25"]
[Round "6"]
[White "Filimberti Uczai, Joao Pedro"]
[Black "Gauche, Charles"]
[Result "1-0"]
[WhiteElo "2080"]
[BlackElo "2209"]
[PlyCount "184"]
[EventDate "2021.07.22"]
[EventType "swiss"]
[EventRounds "7"]
[EventCountry "BRA"]
[SourceTitle "EXT 2022"]
[Source "ChessBase"]
[SourceDate "2021.10.06"]
[SourceVersion "1"]
[SourceVersionDate "2021.10.06"]
[SourceQuality "1"]

1. e4 c5 2. b3 d5 3. exd5 Qxd5 4. Nc3 Qd8 5. Bb2 Nc6 6. Nf3 Nf6 7. Bb5 Bd7 8. Qe2 e6 9. 0-0 Be7 10. Ne4 0-0 11. Rad1 a6 12. Nxf6+ Bxf6 13. Bxf6 Qxf6 14. Bxc6 Bxc6 15. Ne5 Rac8 16. d4 cxd4 17. Rxd4 Qf5 18. Rfd1 b5 19. Nxc6 Rxc6 20. c4 h6 21. h3 Rc5 22. b4 Rxc4 23. Rxc4 bxc4 24. Qxc4 Qb5 25. Qc3 Qa4 26. Rd2 Rb8 27. a3 Ra8 28. Rd4 Qb5 29. Rg4 g6 30. Rc4 e5 31. Rc5 Qd7 32. Rxe5 Rc8 33. Rc5 Re8 34. Qc1 Kh7 35. Qf4 Re7 36. Qf6 Re6 37. Qc3 Qd1+ 38. Kh2 Qd6+ 39. Qg3 Qd4 40. Rc3 h5 41. Rf3 Qd7 42. Rd3 Qe7 43. Re3 h4 44. Qf4 Rxe3 45. Qxe3 Qd6+ 46. g3 hxg3+ 47. Qxg3 Qd4 48. Qf3 Kg7 49. Kg2 Qb2 50. Qd3 Qf6 51. Qd5 Qc3 52. Qf3 Qd4 53. Qc6 Qd3 54. a4 Qd2 55. b5 Qg5+ 56. Kf1 axb5 57. axb5 Qf5 58. Qc3+ Kh7 59. Qb3 Qf4 60. b6 Qe4 61. Qxf7+ Kh6 62. Qb3 Qh1+ 63. Ke2 Qb7 64. Qb4 g5 65. Ke3 Kh5 66. Qg4+ Kh6 67. Qe6+ Kh5 68. Kd4 Qg7+ 69. Kd5 Qb2 70. Qg4+ Kh6 71. Qd4 Qb5+ 72. Kd6 Qa6 73. Kc7 Qa5 74. Kb8 Qf5 75. b7 Qa5 76. Qd6+ Kh5 77. Qc7 Qf5 78. Qc8 Qe4 79. Ka7 Qd4+ 80. Ka6 Qd3+ 81. Kb6 Qb3+ 82. Kc6 Qc3+ 83. Kd6 Qf6+ 84. Kd5 Qf7+ 85. Kd4 Qxf2+ 86. Ke4 Qg2+ 87. Kd4 Qf2+ 88. Kd5 Qf3+ 89. Ke6 Qe4+ 90. Kf6 Qd4+ 91. Kf7 Qd5+ 92. Kg7 Qd4+ 1-0

[Event "Santa Catarina State-ch 65th"]
[Site "Rio Negrinho"]
[Date "2021.07.22"]
[Round "1"]
[White "Filimberti Uczai, Joao Pedro"]
[Black "Staats, Gustavo Da Silva"]
[Result "1/2-1/2"]
[WhiteElo "2080"]
[BlackElo "1525"]
[PlyCount "72"]
[EventDate "2021.07.22"]
[EventType "swiss"]
[EventRounds "7"]
[EventCountry "BRA"]
[SourceTitle "EXT 2022"]
[Source "ChessBase"]
[SourceDate "2021.10.06"]
[SourceVersion "1"]
[SourceVersionDate "2021.10.06"]
[SourceQuality "1"]

1. e4 c6 2. Nc3 d5 3. Nf3 dxe4 4. Nxe4 Bf5 5. Ng3 Bg6 6. h4 h6 7. Ne5 Qd6 8. d4 Nd7 9. Nxg6 Qxg6 10. Bd3 Qd6 11. c3 Ngf6 12. Qf3 e6 13. Bf4 Qd5 14. Qe2 Qxg2 15. 0-0-0 Qd5 16. Kb1 Be7 17. Bc2 0-0-0 18. Nf5 exf5 19. Qxe7 Rhe8 20. Qa3 a6 21. c4 Qxc4 22. Bb3 Qe2 23. Bc1 Nd5 24. Ka1 N7f6 25. Rd2 Qe7 26. Qa4 Qb4 27. Qxb4 Nxb4 28. Bxf7 Re4 29. Bg6 Rexd4 30. Bxf5+ Kc7 31. Re2 Rd1 32. Ree1 Rxe1 33. Rxe1 Rd5 34. Bb1 Rc5 35. Bf4+ Kd8 36. Re2 Nbd5 1/2-1/2

[Event "Timbo op"]
[Site "Timbo"]
[Date "2021.06.11"]
[Round "1"]
[White "Manske, Dayana Luiza"]
[Black "Filimberti Uczai, Joao Pedro"]
[Result "0-1"]
[WhiteElo "1391"]
[BlackElo "2067"]
[PlyCount "82"]
[EventDate "2021.06.11"]
[EventType "swiss"]
[EventRounds "6"]
[EventCountry "BRA"]
[SourceTitle "EXT 2022"]
[Source "ChessBase"]
[SourceDate "2021.10.06"]
[SourceVersion "1"]
[SourceVersionDate "2021.10.06"]
[SourceQuality "1"]

1. e4 e6 2. c4 d5 3. e5 c5 4. f4 Nc6 5. Nf3 Nge7 6. Nc3 b6 7. Nb5 Nf5 8. g3 dxc4 9. Bxc4 Bb7 10. 0-0 a6 11. Nc3 Ncd4 12. Ng5 b5 13. Be2 Nxe2+ 14. Qxe2 c4 15. b3 Bc5+ 16. Rf2 cxb3 17. Nge4 Bxe4 18. Qxe4 Bxf2+ 19. Kxf2 Qd4+ 20. Qxd4 Nxd4 21. Bb2 0-0 22. Ne4 Nc2 23. Rc1 Nb4 24. Ra1 Nd3+ 25. Ke2 Nxb2 26. axb3 Rfc8 27. Nc3 Rd8 28. Ra2 Nd3 29. Rc2 Rac8 30. Ra2 Nc1+ 31. Kd1 Rxc3 32. Rxa6 Nxb3 33. Ke1 Nxd2 34. Kf2 Ne4+ 35. Kg2 h5 36. Ra2 h4 37. gxh4 b4 38. Kf1 Rd1+ 39. Ke2 Rh1 40. Ra7 Rxh2+ 41. Ke1 Rc1# 0-1